Statistical theory / (Record no. 142324)
[ view plain ]
| 000 -LEADER | |
|---|---|
| fixed length control field | 00605nam a22001937a 4500 |
| 005 - DATE AND TIME OF LATEST TRANSACTION | |
| control field | 20170706123729.0 |
| 010 ## - LCCN (DPL NO) | |
| LC control number | ENG-119119 |
| 020 ## - INTERNATIONAL STANDARD BOOK NUMBER | |
| International Standard Book Number | 9789384247928 |
| Terms of availability | 1225.00 |
| 035 ## - SYSTEM CONTROL NUMBER | |
| System control number | EN-102651 |
| 037 ## - SOURCE OF ACQUISITION | |
| Source of stock number/acquisition | DBAD/PUB |
| 082 ## - DEWEY DECIMAL CLASSIFICATION NUMBER | |
| Classification number | 793.1095452 |
| 100 ## - MAIN ENTRY--PERSONAL NAME | |
| Personal name | Gurao, Rajendra G. |
| 245 ## - TITLE STATEMENT | |
| Title | Statistical theory / |
| Statement of responsibility, etc | by Rajendra G. Gurao |
| 260 ## - PUBLICATION, DISTRIBUTION, ETC. (IMPRINT) | |
| Name of publisher, distributor, etc | chandralok prakashan |
| Date of publication, distribution, etc | 2016 |
| Place of publication, distribution, etc | kanpur |
| 270 ## - ADDRESS | |
| Address | 132, shivram kripa, mayur park basant vihar, |
| City | kanpur |
| Postal code | 208021 |
| 300 ## - PHYSICAL DESCRIPTION | |
| Extent | 340.p. |
| Dimensions | 21cm(Hb) |
| 500 ## - GENERAL NOTE | |
| General note | includes bibliographical refrences and index |
| 942 ## - ADDED ENTRY ELEMENTS (KOHA) | |
| Source of classification or shelving scheme | Dewey Decimal Classification |
| Item type | English Books |
| Classification part | 519.5 |
| Call number suffix | GUR |
| Withdrawn status | Lost status | Not for loan | Collection code | Home library | Current library | Date acquired | Source of acquisition | Cost, normal purchase price | Full call number | Barcode | Copy number | Cost, replacement price | Koha item type |
|---|---|---|---|---|---|---|---|---|---|---|---|---|---|
| Not For Loan | Non-fiction | D.B.Act.Division | Bawana | 06/07/2017 | DBAD/PUB | 1225.00 | 519.5 GUR | EN-102651 | 1 | 1225.00 | English Books |
